User-centered design of systems

Αποθηκεύτηκε σε:
Λεπτομέρειες βιβλιογραφικής εγγραφής
Κύριος συγγραφέας: Noyes, Janet M.
Άλλοι συγγραφείς: Baber, Christopher 1964-
Μορφή: Βιβλίο
Γλώσσα:English
Δημοσίευση: London ; New York : Springer, c1999
Σειρά:Applied computing
Θέματα:
Ετικέτες: Προσθήκη ετικέτας
Δεν υπάρχουν, Καταχωρήστε ετικέτα πρώτοι!

MARC

LEADER 00000nam a2200000 i 4500
001 1/15909
008 001017s1999 eng d
020 |a 3-540-76007-5 
035 |l 10065586 
040 |a GR-MY-UA  |b gre  |e aacr 
041 0 |a eng 
082 0 |a 004.21 
100 1 |a Noyes, Janet M. 
245 1 0 |a User-centered design of systems /  |c Jan Noyes and Chris Baber 
260 |a London ; New York :   |b Springer,   |c c1999 
300 |a xii, 222 p.;  |b ill.;  |c 24 cm. 
490 1 |a Applied computing 
504 |a Includes bibliographical references (p. 197-217) and index 
650 0 0 |a System design. 
650 0 0 |a Human-computer interaction. 
700 1 |a Baber, Christopher  |d 1964- 
830 0 |a Applied computing 
852 |a INST  |b SAMOS  |e 20001017  |h 004.21 NOY  |p 005300018792  |q 005300018792  |t BK  |y 23 
852 |a INST  |b SAMOS  |e 20001017  |h 004.21 NOY  |p 005300018793  |q 005300018793  |t BK  |y 0 
852 |a INST  |b SAMOS  |e 20001017  |h 004.21 NOY  |p 005300018794  |q 005300018794  |t BK  |y 0 
852 |a INST  |b SYROS  |e 20010122  |h 004.21 NOY  |p 005500001550  |q 005500001550  |t BK  |y 0 
901 |a BIBL5-2001-1 
901 |a BIBL3-2000-3 
909 |a Ε  |b 084359 
909 |a Σ  |b 079736 
909 |a Σ  |b 079737 
909 |a Σ  |b 079738 
922 |a 5ΕΛΗ  |b 200012  |c ΓΡΑΦΙΚΩΝ ΤΕΧΝΩΝ  |d ΜΙΧΑΛΟΠΟΥΛΟΣ 
922 |a 3ΕΛΗ  |b 200002  |c ΤΠΕΣ/ΠΟΛ  |d LEADER 
950 |a 183-2000-12-08 
970 |a ΚΟΝΤΟΥ  |b ΠΑΡΑΣΚΕΥΗ  |z 2001/01/26 
970 |a ΜΑΛΑΓΑΡΗ  |b ΦΩΤΕΙΝΗ  |z 2000/10/17